Evolutionary Algorithms for Solving Multi-Objective Problems
Guardat en:
| Autors principals: | , , |
|---|---|
| Format: | Llibre |
| Idioma: | anglès |
| Publicat: |
Nueva York
Springer
2007
|
| Edició: | 2a. ed |
| Col·lecció: | Genetic and Evolutionary Computation Series
|
| Matèries: | |
| Etiquetes: |
Afegir etiqueta
Sense etiquetes, Sigues el primer a etiquetar aquest registre!
|
MARC
| LEADER | 00000nam a2200000 a 4500 | ||
|---|---|---|---|
| 001 | UCH9461 | ||
| 003 | CL-VaPUC | ||
| 008 | 100107e20070000US |||||||||||||||||eng|d | ||
| 020 | |a 9780387332543 | ||
| 082 | 0 | 4 | |a 519.5 |b COE |2 21 |
| 100 | 0 | |a Coello Coello, Carlos A |e author |9 546568 | |
| 700 | 0 | |a Lamont, Gary B |e author |9 546569 | |
| 700 | 0 | |a Van Veldhuizen, David A |e author |9 546570 | |
| 245 | 1 | 0 | |a Evolutionary Algorithms for Solving Multi-Objective Problems |
| 250 | |a 2a. ed | ||
| 300 | |a 800 p | ||
| 942 | |c BK | ||
| 945 | |d 20100107 00:00:00 |a dcastane | ||
| 260 | |a Nueva York |b Springer |c 2007 | ||
| 650 | 0 | |a Estadística matemática |9 260028 | |
| 650 | 0 | |a Algoritmos |9 260639 | |
| 583 | |a last modification |c 20100107 00:00:00 |k Rodrigo Vera | ||
| 490 | 0 | |a Genetic and Evolutionary Computation Series | |
| 999 | |c 339429 |d 339427 | ||
| 952 | |0 0 |1 0 |4 0 |6 519_500000000000000_COE_2007 |7 0 |8 A |9 433084 |a BIBING |b BIBING |d 2019-11-22 |i 4632958 |o 519.5 COE 2007 |p 4632958 |r 2025-01-20 |w 2019-11-22 |y BK |k EII | ||